Statistics for Islands by Largest City - Ultimate

Click here to take the quiz!

General Stats

  • This quiz has been taken 28 times
  • The average score is 23 of 50

Answer Stats

HintAnswer% Correct
IqaluitBaffin Island
100%
MalaboBioko
100%
Las PalmasGran Canaria
100%
SapporoHokkaido
100%
DublinIreland
100%
Saint HelierJersey
100%
Quezon CityLuzon
100%
CharlestownNevis
100%
KirkwallOrkney
100%
Puerto PrincesaPalawan
100%
Port MoresbyPapua
100%
Santo DomingoHispaniola
80%
BasseterreSt Kitts
80%
KralendijkBonaire
75%
AjaccioCorsica
75%
WillemstadCuracao
75%
DouglasIsle of Man
75%
AucklandNorth Island
75%
MarigotSaint Martin/Sint Maarten
75%
PalermoSicily
75%
CastriesSt Lucia
75%
MakassarSulawesi
75%
SuvaViti Levu
75%
CopenhagenZeeland
75%
St John'sNewfoundland or Antigua
71%
CagliariSardinia
71%
The ValleyAnguilla
67%
OranjestadAruba or Sint Eustatius
67%
DenpasarBali
67%
NicosiaCyprus
67%
JakartaJava
67%
Davao CityMindanao
67%
NahaOkinawa
67%
ChristchurchSouth Island
67%
KingstownSt Vincent
67%
HavanaCuba
60%
LondonGreat Britain
60%
Edinburgh of the Seven SeasTristan da Cunha
60%
MariehamnÅland
50%
HeraklionCrete
50%
Houmt SoukDjerba
50%
StanleyEast Falkland
50%
OdenseFyn
50%
NouméaGrande Terre
50%
HoniaraGuadalcanal
50%
Les AbymesGuadeloupe
50%
HaikouHainan
50%
ReykjavikIceland
50%
Iloilo CityPanay
50%
The BottomSaba
50%
MatsuyamaShikoku
50%
King Edward PointSouth Georgia
50%
LongyearbyenSpitsbergen
50%
Charlotte AmalieSt Thomas
50%
MedanSumatra
50%
HobartTasmania
50%
Belushya GubaYuzhny Island
50%
Saint Peter PortGuernsey
40%
BacolodNegros
40%
TaipeiTaiwan
40%
HamiltonBermuda
33%
Flying Fish CoveChristmas Island
33%
VisbyGotland
33%
NuukGreenland
33%
TokyoHonshu
33%
UshuaiaIsla Grande de Tierra del Fuego
33%
MamoudzouMayotte
33%
NassauNew Providence
33%
CharlottetownPrince Edward Island
33%
HadibuSocotra
33%
OlonkinbyenJan Mayen
25%
SamarindaBorneo
20%
Port-aux-FrancaisKerguelen
20%
DiomedeLittle Diomede
20%
PorlamarMargarita
20%
KuressaareSaaremaa
20%
McMurdo StationRoss
17%
KupangTimor
17%
San Antonio de PaleAnnobon
0%
KororBabeldaob
0%
ManamaBahrain
0%
QeqertarsuaqDisko
0%
Vágur
Suðuroy
0%
Grise FjordEllesmere Island
0%
LuganvilleEspiritu Santo
0%
AlmereFlevopolder
0%
VaiakuFunafuti
0%
GeorgetownGrand Cayman or Ascension Island
0%
DededoGuam
0%
Ponta DelgadaIlha de São Miguel
0%
NewportIsle of Wight
0%
ArgostolionKefalonia
0%
ArrecifeLanzarote
0%
TaclobanLeyte
0%
Fort-de-FranceMartinique
0%
BradesMontserrat
0%
KaviengNew Ireland
0%
Burnt PineNorfolk Island
0%
Hanga RoaRapa Nui
0%
PraiaSantiago
0%
Cambridge BayVictoria Island
0%

Score Distribution

Percentile by Number Answered

Percent of People with Each Score

Your Score History

You have not taken this quiz